000 00916nam a2200253 a 4500
001 000018738
005 20200929165841.0
008 880808s2001 sp 000 f spa d
020 _a8481303283
040 _aDO-SdBNP
_bspa
_cBNPHU
082 _aCh863.44
_bD687ó
100 1 _aDonoso, José,
_d1924-1996
_921513
245 1 0 _aEl obsceno pájaro de la noche /
_cJosé Donoso ; prólogo de Victorino Polo García.
260 _aBarcelona :
_bBibliotex,
_c2001.
300 _a543 p. ;
_c20 cm.
490 1 _aLas mejores novelas en castellano del siglo XX
_v68
500 _aIncluye datos biográficos del autor en la solapa.
590 _aInventariado, 2020 /LP
650 4 _aNovela chilena
_93163
650 4 _aLiteratura chilena
_93164
700 1 _aPolo García, Victorino,
_epról.
_940436
830 4 _aLas mejores novelas en castellano del siglo XX ;
_v68
_940437
910 _aCatalogación derivada /Oxford
999 _c18258
_d18258